00750nam a2200217 a 450000100100000000500170001000800410002702000150006804000250008310000330010824500400014126000350018130000210021649000140023749000280025150000750027983000210035483000350037595201050041099900170051500004294220201002040521.0140213s1984 sp 000 0 spa d a8372233421 aDO-SdBNPbspacBNPHU1 aCoca, Aldod1968-198297043310aCuentos inenarrables. /cAldo Coca. aBarcelona, :bTusquets,c1984. a142 p. ;c20 cm.1 aErótica1 aLa sonrisa verticalv39 aIncluye datos biografícos del autor en la solapa de la contraportada 0aErótica970431 0aLa sonrisa verticalv39919576 001050718MOaGRbGRcCTd2014-02-13iLF1l0o p42942-10r2020-06-25w2020-06-25y1ZNo se presta c42431d42431